| 000 | 00632nam a2200217 4500 | ||
|---|---|---|---|
| 003 | OSt | ||
| 005 | 20240702073249.0 | ||
| 006 | a | ||
| 008 | 240702b |||||||| |||| 00| 0 eng d | ||
| 020 | _a9789810696092 | ||
| 040 |
_aDWCL-Main lib. _cOC |
||
| 082 |
_2Seventh edition _aCirc. 576.5 K713e 2010 |
||
| 100 | _aKlug,William S. | ||
| 245 | _aEssentials of genetics / | ||
| 250 | _aSeventh edition | ||
| 260 |
_aSingapore: _bPearson Education Asia Pte., _cc2010. |
||
| 300 |
_axv, _b522+p.:b&w ill.; _c27cm. |
||
| 504 | _aIncludes glossary & index. | ||
| 650 | _a1. Genetics. | ||
| 942 |
_2ddc _n0 _cBK-CIRC _eSeventh edition _kCirc. |
||
| 999 |
_c1823 _d1823 |
||